000 008720000a22002770004500
003 LK-CoMWRAF
008 230817t ||||| |||| 00| 0 eng d
040 _aLK-CoMWRAF
_dLK-CoMWRAF
_eLK-CoMWRAF
041 _aeng
082 _a410
_bTAB
100 _anElkins,
_iDeborah
100 _aTaba, Hilda
245 _aWith Focus on Human Relations
_bA Story of an Eight Grade
260 _bAmerican Council on Education
_aWashington
_c1959
300 _ap.227
490 _aIntergroup Education in Cooperating Schools work in Progress Series
650 _aFamily Problems
650 _aIn Iffect
650 _aPeer Relationship
650 _aSocial Studies
650 _aSociometric Choices
650 _aWestward movement, Industrial Development, and Rights
650 _aWhat Children learned
650 _aWhat the Teacher learned about Teaching
942 _cBK
999 _c2308
_d2308